000 00818nab a2200241 u 4500
001 07955
003 HDC
007 cr bn ---aaaaa
008 210129c mydr|nes 0 a may d
040 _aHDC
100 _aSiti Nurazlina Jamaludin
_eauthor
_98472
245 0 _aECERDC tarik pelabur Singapura/
_cby Siti Nurazlina Jamaludin
260 _aKuala Lumpur :
_bUTUSAN MALAYSIA,
_c2014
336 _atext
_2rdacontent
337 _acomputer
_2rdamedia
338 _aonline resource
_2rdacarrier
650 _aBusiness industry
_96119
650 _aReal estate industry
_98473
856 _zRequest full-text at [email protected]
942 _2lcc
942 _cNEWS
942 _kNWSC 001265
999 _c5278
_d5278